Vers l'innovation responsable pour une vraie responsabilité sociétale

Saved in:
Bibliographic Details
Main Author: Ingham, Marc
Format: Book
Language:French
Published: Bruxelles De Boeck 2011
Series:Business school
Subjects:
Tags: Add Tag
No Tags, Be the first to tag this record!

MARC

LEADER 00000nam a2200000 4500
001 0210117
005 20240314094629.5
020 |a 978-2-8041-6684-7 
022 |a 1782-8147 
041 0 |a fre 
044 |a BE 
245 1 0 |a Vers l'innovation responsable  |b pour une vraie responsabilité sociétale  |c Marc Ingham 
264 1 |a Bruxelles  |b De Boeck  |c 2011 
300 |a 249 s. 
490 1 |a Business school 
830 0 |a Business school 
610 2 0 |a inovácia 
610 2 0 |a podnik 
610 2 0 |a zodpovednosť podniku spoločenská 
610 2 0 |a ekológia 
610 2 0 |a politika sociálna 
610 2 0 |a správanie organizačné 
610 2 0 |a stratégia inovačná 
610 2 0 |a lídri 
610 2 0 |a vodcovstvo 
100 1 |a Ingham, Marc